02901cam a2200373 a 450000100090000000300040000900500170001300800410003001000170007102000310008802000280011903500230014703500200017004000570019005000230024708200140027010000360028424501250032024600140044525000120045926000500047130000630052150000680058450400640065250514400071665000300215670000360218670000460222285600830226890600450235194200120239699900170240895201020242514758246OSt20170105103508.0070305s2008 mauab b 001 0 eng  a 2007008981 a9780763700669 (alk. paper) a0763700665 (alk. paper) a(OCoLC)ocm85814089 a(OCoLC)85814089 aDLCcASABdBAKERdBTCTAdC#PdYDXCPdEZUdOCLCQdDLC00aQH366.2b.S78 200800a576.82221 aHall, Brian Keith,d1941-9116010aStrickberger's evolution :bthe integration of genes, organisms and populations /cBrian K. Hall, Benedikt Hallgrimsson.30aEvolution a4th ed. aSudbury, Mass. :bJones and Bartlett,cc2008. axv, 760 p. :bill. (some col.), maps (some col.) ;c29 cm. aRev. ed. of: Evolution / Monroe W. Strickberger. 3rd ed. c2000. aIncludes bibliographical references (p. 674-706) and index.0 aPART 1: THE HISTORICAL FRAMEWORK: EVOLUTION AS SCIENCE: Before Darwin -- Darwin and natural selection -- The arguments and the evidence for evolution -- PART 2: ORIGINS: THE ENORMITY OF TIME: The origins of cosmic structures and chemical elements -- Origin of Earth -- Molecules, protocells and natural selection -- From molecules to life -- Origins of ciells and the first organisms -- PART 3:THE ORGANIC FRAMEWORK: GENES CELLS AND DEVELOPMENT: Cell division, Mendelian genetics, and sex determination -- Chromosomes, mutation, gene regulation and variation -- Species, phylogeny and classification -- Genes and phylo genetic relationships -- Genes, development and evolution -- PART 4: THE ORGANISMS: THE DIVERSITY OF LIFE: Evolution of plants and fungi -- Animals and their origin -- Evolution among the invertebrates -- Chordate and vertebrate origins -- From water to land to air: amphibians and amniotes -- Evolution of mammals -- Primate evolution and the human origins -- PART 5: POPULATION AND SPECIATION: CHANGES WITHIN AND BETWEEN SPECIES: Populations and speciation: changes within and between species -- Populations, gene frequencies and equilibrium -- Changes to gene frequencies -- Structure and maintenance of populations -- From populations to species -- PART 6: EVOLUTION AND SOCIETY: PAST, PRESENT AND FUTURE; SOCIETY AND RELIGION: Cultural and human-directed evolution -- Belief, religion and evolution -- Glossary. 0aEvolution (Biology)911611 aHallgrímsson, Benedikt.911621 aStrickberger, Monroe W.tEvolution.91163413Table of contents onlyuhttp://www.loc.gov/catdir/toc/ecip0712/2007008981.html a7bcbccorignewd1eecipf20gy-gencatlg 2ddccBK c17334d17334 00102ddc40708NFICaASABbASABd2015-09-15l0o576.8 HALpASAB1889r2015-09-15w2015-09-15yBK